000 00212nam a2200097Ia 4500
008 240331s9999 xx 000 0 und d
082 _bAGA
100 _aAgasthiyar, S
245 0 _aMaga ganam porunthiya
942 _cL
999 _c3760
_d3760